| 000 | 01973nam a2200349Ia 4500 | ||
|---|---|---|---|
| 999 |
_c54085 _d54085 |
||
| 001 | 21140 | ||
| 003 | GE_BSU | ||
| 005 | 20210714175335.0 | ||
| 008 | 181216s2015||||ge |||||||||||||| ||geo|| | ||
| 020 | _a9789941218200 | ||
| 040 | _cGE_BSU | ||
| 041 | _ageo | ||
| 080 | _a005.9 ნ-47 | ||
| 100 |
_aნელსონი, ბობ _912261 |
||
| 245 |
_aმართვა მარტივად / _cბობ ნელსონი, პიტერ ექონომი ; მთარგმნელი მაია ვასაძე ; რედაქტორი ნატა ენუქიძე ; პროექტის მენეჯერი თინათინ ასათიანი. |
||
| 264 |
_aთბილისი : _bპალიტრა L, _c2015. |
||
| 300 |
_a334 გვ. : _bილ. ; _c23 სმ. |
||
| 490 | _aწარმატების ბიბლიოთეკა- ლურჯი ოკეანე | ||
| 541 | _h12ლ.76თ. | ||
| 653 | _aბიზნესი | ||
| 653 | _aმართვა | ||
| 653 | _aმენეჯმენტი | ||
| 653 | _aროგორ გავხდეთ მენეჯერი | ||
| 653 | _aდავეუფლოთ მენეჯმენტის ძირითად მოვალეობებს | ||
| 653 | _a ინსტრუმენტები და მეთოდები | ||
| 653 | _aრთული დრო ძლიერი მენეჯერებისთვის | ||
| 700 |
_aექონომი, პიტერ _eავტორი _912262 |
||
| 700 |
_aვასაძე, მაია _eმთარგმნელი _912263 |
||
| 700 |
_aენუქიძე, ნატა _eმთარგმნელი _912264 |
||
| 700 |
_aასათიანი, თინათინ _eპროექტის მენეჯერი _912265 |
||
| 942 |
_cBK _2udc |
||